Manalpparambile pareekshanam (Record no. 72820)

MARC details
000 -LEADER
fixed length control field 00313nam a2200133Ia 4500
100 ## - MAIN ENTRY--AUTHOR NAME
Personal name Thomas V
245 #0 - TITLE STATEMENT
Title Manalpparambile pareekshanam
260 ## - PUBLICATION, DISTRIBUTION, ETC. (IMPRINT)
Name of publisher Rubber
Year of publication 2007
300 ## - PHYSICAL DESCRIPTION
Number of Pages 21
700 ## - ADDED ENTRY--PERSONAL NAME
Personal name Ramachandran P K
700 ## - ADDED ENTRY--PERSONAL NAME
Personal name Satheeshchandran R
942 ## - ADDED ENTRY ELEMENTS (KOHA)
Koha item type Malayalam
Holdings
Withdrawn status Lost status Damaged status Not for loan Home library Current library Date acquired Serial Enumeration / chronology Koha item type
      Journals RRII Library RRII Library 11/02/2008 Volume 501, Issue Decem Malayalam